[Event "Stay Safe Play From Home 207"]
[Site "T#646637Emanuel Laske"]
[Date "2020.06.07"]
[Round "4"]
[White "Bellbox"]
[Black "little champs"]
[Result "1-0"]
[WhiteElo "1994"]
[BlackElo "2081"]
[Annotator "TA"]
[PlyCount "85"]
[EventDate "2020.06.07"]
[EventType "swiss (blitz)"]

{[%evp 9,84,78,98,90,84,48,121,52,64,66,53,28,53,49,75,58,183,178,150,160,176,110,152,165,215,183,172,185,282,272,293,279,274,299,275,242,372,373,766,769,725,730,1085,891,1050,1045,954,278,1235,1254,1082,694,1459,31,1613,0,911,91,107,0,244,226,644,599,1102,589,560,541,892,886,1461,1319,29995,29989,29989,29990,29999]} 1. e4 c5 2. c3 d6 3. d4 cxd4 4. cxd4 Nf6 5. Nc3 Nc6 6. d5 {B22: Sicilian: 2 c3.} Nb8 7. f4 g6 (7... e6 $14) 8. Nf3 (8. e5 $16 dxe5 9. fxe5) 8... Bg7 $1 $14 9. Bd3 O-O {[#]} 10. h3 $146 ({Predecessor:} 10. O-O Nbd7 11. Qe2 Nc5 12. Bc2 b6 13. Rd1 Ba6 14. Qe1 Rc8 15. e5 Nfd7 16. b4 {1-0 (52) Erdogan,Y (1833)-Oztekin,M (1866) Konya 2019}) 10... e6 11. dxe6 $1 fxe6 12. O-O $36 {[%mdl 2048] White has the initiative.} d5 (12... Nh5 $14) 13. e5 $1 $18 Nfd7 14. Be3 {And now Ng5 would win.} Nc6 15. a3 (15. Ng5 $18 Qe7 16. Nxh7 Kxh7 17. Qh5+ {[%mdl 64] Double Attack} Kg8 18. Bxg6 (18. Qxg6 Qh4 $14)) 15... a6 16. Rc1 Qe7 17. b4 Bh6 18. Qd2 Nd8 (18... Qd8 $142 19. Na4 Qe8) 19. Ne2 a5 20. Rc7 ({Much less strong is} 20. bxa5 Qxa3 21. Ra1 Qe7 $18) 20... axb4 21. axb4 {[%cal Ba3b4,Bb4b5][%mdl 32]} Nc6 22. b5 (22. Bc5 Qd8 $11) 22... Na5 (22... Qd8 $142) 23. Nfd4 Qd8 $2 (23... Bg7 24. Ra1 Nc4 25. Rxa8 Nxd2 26. Bxd2 (26. Raxc8 Qa3 $14) (26. Rcxc8 Nc4 $11) 26... Qe8) 24. Nxe6 {[%mdl 64] Double Attack} Qe8 25. Nxf8 Bxf8 26. Nd4 Nc5 27. f5 Qxe5 {[#]} 28. Rxh7 $2 (28. fxg6 $1 {[%mdl 512]} hxg6 29. Rxf8+ $1 {[%mdl 512]} Kxf8 30. Qf2+ Bf5 31. Nxf5 $3 {[%mdl 512]} gxf5 32. Bxc5+ Kg8 33. Re7 Qxe7 34. Bxe7) 28... Kxh7 $2 (28... Nab3 29. Nxb3 Nxb3) 29. fxg6+ Kg8 30. Qf2 {[%csl Gf1][%cal Rf2f8]} Qg7 31. Bf5 $2 (31. Qh4 $18 {Intending Rxf8+! and mate.} Be7 32. Qh5) 31... Ne4 $2 {[%mdl 8192]} (31... Nc4 $14) 32. Qa2 $2 ({White must play} 32. Bxe4 $18 dxe4 33. Qa2+ Kh8 34. Rf7) 32... Qe5 $2 {[%mdl 8192]} (32... Nc3 $11 33. Qf2 Bxf5 34. Qxf5 Qe7) 33. Bxc8 $2 (33. Bxe4 $1 $18 {is the precise move to win.} Be6 34. Nxe6 (34. Rf4 Bc5 $16) 34... Qxe4 35. Nxf8 Qxe3+ 36. Kh1) 33... Rxc8 $16 34. Qxa5 (34. Nf3 $16 Nc3 35. Nxe5 Nxa2 36. Rf7) 34... Bd6 $2 {[#]} (34... Bc5 $1 $11 35. Nf5 Bxe3+ 36. Nxe3 Ng3) 35. Nf3 $1 $18 {[%cal Rf3e5]} Qg3 $2 (35... Qe8 36. Qb6 Rc7) 36. b6 Nc5 37. Bxc5 Bxc5+ 38. Kh1 Qd6 39. Qd2 Rc6 40. Nh4 Qg3 41. Qh6 {[%csl Gg6][%cal Rh6h7] White mates.} Rxg6 42. Nxg6 {[%csl Gg6][%cal Rh6h8]} Bd4 43. Rf8# {Accuracy: White = 56%, Black = 25%.} 1-0

[Event "Stay Safe Play From Home 207"]
[Site "T#646637Emanuel Laske"]
[Date "2020.06.07"]
[Round "4"]
[White "Edmatuag"]
[Black "Haris kollari 13"]
[Result "0-1"]
[WhiteElo "1714"]
[BlackElo "1942"]
[Annotator "NA RC"]
[PlyCount "34"]
[EventDate "2020.06.07"]
[EventType "swiss (blitz)"]

1. e4 {[%emt 0:00:02]} e6 {[%emt 0:00:01]} 2. d4 {[%emt 0:00:02]} d5 {[%emt 0:00:01]} 3. Nc3 {[%emt 0:00:02]} Nf6 {[%emt 0:00:01]} 4. e5 {[%emt 0:00:01]} Nfd7 {[%emt 0:00:01]} 5. f4 {[%emt 0:00:00]} c5 {[%emt 0:00:01]} 6. Nf3 {[%emt 0:00:01]} Nc6 {[%emt 0:00:01]} 7. Be3 {[%emt 0:00:01]} a6 {[%emt 0:00:01]} 8. a3 {[%emt 0:00:02]} c4 {[%emt 0:00:01]} 9. g4 {[%emt 0:00:03]} b5 {[%emt 0:00:01]} 10. Bh3 {[%emt 0:00:03]} Nb6 {[%emt 0:00:02]} 11. Ne2 {[%emt 0:00:03]} Be7 {[%emt 0:00:03]} 12. O-O {[%emt 0:00:06]} h5 {[%emt 0:00:02]} 13. gxh5 {[%emt 0:00:08]} Rxh5 {[%emt 0:00:02]} 14. Bg4 {[%emt 0:00:04]} Rh7 {[%emt 0:00:03]} 15. Ng3 {[%emt 0:00:02]} g6 {[%emt 0:00:03]} 16. Bd2 {[%emt 0:00:13]} Bd7 {[%emt 0:00:04]} 17. Ba5 {[%emt 0:00:05]} Nxa5 {[%emt 0:00:02] Edmatuag resigns (Lag: Av=0.49s, max=1.0s)} 0-1

[Event "Stay Safe Play From Home 207"]
[Site "T#646637Emanuel Laske"]
[Date "2020.06.07"]
[Round "4"]
[White "Robk"]
[Black "Möwe"]
[Result "0-1"]
[WhiteElo "1570"]
[BlackElo "1639"]
[Annotator "NA RC"]
[PlyCount "66"]
[EventDate "2020.06.07"]
[EventType "swiss (blitz)"]

1. e4 {[%emt 0:00:04]} d5 {[%emt 0:00:02]} 2. exd5 {[%emt 0:00:02]} Qxd5 {[%emt 0:00:00]} 3. Nc3 {[%emt 0:00:01]} Qa5 {[%emt 0:00:01]} 4. d4 {[%emt 0:00:02]} e5 {[%emt 0:00:01]} 5. dxe5 {[%emt 0:00:03]} Bb4 {[%emt 0:00:01]} 6. Bd2 {[%emt 0:00:07]} Nc6 {[%emt 0:00:01]} 7. a3 {[%emt 0:00:11]} Qxe5+ {[%emt 0:00:03]} 8. Be2 {[%emt 0:00:10]} Bd6 {[%emt 0:00:04]} 9. Nf3 {[%emt 0:00:05]} Qh5 {[%emt 0:00:02]} 10. Nd4 {[%emt 0:00:16]} Qg6 {[%emt 0:00:10]} 11. Nxc6 {[%emt 0:00:18]} bxc6 {[%emt 0:00:02]} 12. O-O {[%emt 0:00:12]} Ne7 {[%emt 0:00:02]} 13. Bd3 {[%emt 0:00:08]} Bf5 {[%emt 0:00:07]} 14. Qf3 {[%emt 0:00:08]} Bxd3 {[%emt 0:00:05]} 15. Qxd3 {[%emt 0:00:06]} O-O {[%emt 0:00:04]} 16. Qxg6 {[%emt 0:00:02]} Nxg6 {[%emt 0:00:01]} 17. Rfe1 {[%emt 0:00:20]} Rab8 {[%emt 0:00:02]} 18. b4 {[%emt 0:00:09]} Rfd8 {[%emt 0:00:01]} 19. Be3 {[%emt 0:00:07]} Be5 {[%emt 0:00:04]} 20. Bxa7 {[%emt 0:00:31]} Ra8 {[%emt 0:00:07]} 21. Rxe5 {[%emt 0:00:14]} Nxe5 {[%emt 0:00:00]} 22. Bc5 {[%emt 0:00:03]} Nc4 {[%emt 0:00:09]} 23. a4 {[%emt 0:00:05]} Rd2 {[%emt 0:00:10]} 24. Rc1 {[%emt 0:00:10]} Na3 {[%emt 0:00:10]} 25. Ne4 {[%emt 0:00:27]} Rxc2 {[%emt 0:00:04]} 26. Rxc2 {[%emt 0:00:03]} Nxc2 {[%emt 0:00:01]} 27. a5 {[%emt 0:00:02]} Rb8 {[%emt 0:00:11]} 28. a6 {[%emt 0:00:03]} f5 {[%emt 0:00:22]} 29. Ng5 {[%emt 0:00:08]} Ra8 {[%emt 0:00:13]} 30. a7 {[%emt 0:00:05]} Nxb4 {[%emt 0:00:07]} 31. Ne6 {[%emt 0:00:07]} Nd5 {[%emt 0:00:04]} 32. Nd4 {[%emt 0:00:17]} Nb6 {[%emt 0:00:05]} 33. Nxc6 {[%emt 0:00:13]} Kf7 {[%emt 0:00:13] Time (Lag: Av=0.59s, max=0.8s)} 0-1

[Event "Stay Safe Play From Home 207"]
[Site "T#646637Emanuel Laske"]
[Date "2020.06.07"]
[Round "5"]
[White "little champs"]
[Black "Don59as"]
[Result "0-1"]
[WhiteElo "2060"]
[BlackElo "2005"]
[Annotator "NA RC"]
[PlyCount "114"]
[EventDate "2020.06.07"]
[EventType "swiss (blitz)"]

1. d4 {[%emt 0:00:01]} d5 {[%emt 0:00:01]} 2. e3 {[%emt 0:00:01]} e6 {[%emt 0:00:02]} 3. Nf3 {[%emt 0:00:01]} Nf6 {[%emt 0:00:01]} 4. Be2 {[%emt 0:00:01]} Be7 {[%emt 0:00:01]} 5. O-O {[%emt 0:00:01]} O-O {[%emt 0:00:01]} 6. c4 {[%emt 0:00:00]} c5 {[%emt 0:00:01]} 7. Nc3 {[%emt 0:00:00]} Nc6 {[%emt 0:00:02]} 8. dxc5 {[%emt 0:00:01]} Bxc5 {[%emt 0:00:02]} 9. a3 {[%emt 0:00:00]} a5 {[%emt 0:00:02]} 10. cxd5 {[%emt 0:00:02]} exd5 {[%emt 0:00:02]} 11. h3 {[%emt 0:00:03]} d4 {[%emt 0:00:12]} 12. Na4 {[%emt 0:00:01]} Ba7 {[%emt 0:00:02]} 13. exd4 {[%emt 0:00:01]} Nxd4 {[%emt 0:00:01]} 14. Nxd4 {[%emt 0:00:01]} Bxd4 {[%emt 0:00:03]} 15. Nc3 {[%emt 0:00:06]} Be6 {[%emt 0:00:17]} 16. Bf3 {[%emt 0:00:02]} Qd7 {[%emt 0:00:27]} 17. Bxb7 {[%emt 0:00:10]} Bxf2+ {[%emt 0:00:04]} 18. Rxf2 {[%emt 0:00:06]} Qxb7 {[%emt 0:00:01]} 19. Bg5 {[%emt 0:00:07]} Ne4 {[%emt 0:00:07]} 20. Qf3 {[%emt 0:00:05]} f5 {[%emt 0:00:07]} 21. Raf1 {[%emt 0:00:13]} h6 {[%emt 0:00:10]} 22. Bc1 {[%emt 0:00:29]} Rf7 {[%emt 0:00:18]} 23. Nxe4 {[%emt 0:00:35]} fxe4 {[%emt 0:00:03]} 24. Qg3 {[%emt 0:00:03]} Kh7 {[%emt 0:00:15]} 25. Rxf7 {[%emt 0:00:05]} Bxf7 {[%emt 0:00:01]} 26. Be3 {[%emt 0:00:05]} Bg6 {[%emt 0:00:02]} 27. Rf2 {[%emt 0:00:09]} Rd8 {[%emt 0:00:02]} 28. Qg4 {[%emt 0:00:04]} Rd3 {[%emt 0:00:03]} 29. Qf4 {[%emt 0:00:07]} Qb3 {[%emt 0:00:06]} 30. Re2 {[%emt 0:00:12]} Rd5 {[%emt 0:00:13]} 31. g4 {[%emt 0:00:01]} Rd1+ {[%emt 0:00:07]} 32. Kg2 {[%emt 0:00:06]} Rb1 {[%emt 0:00:05]} 33. Bd4 {[%emt 0:00:21]} Qd1 {[%emt 0:00:02]} 34. Qd2 {[%emt 0:00:22]} Qh1+ {[%emt 0:00:09]} 35. Kg3 {[%emt 0:00:01]} Qf3+ {[%emt 0:00:05]} 36. Kh4 {[%emt 0:00:05]} Rh1 {[%emt 0:00:04]} 37. Rh2 {[%emt 0:00:03]} Rd1 {[%emt 0:00:17]} 38. Qe3 {[%emt 0:00:04]} Qf7 {[%emt 0:00:11]} 39. Rf2 {[%emt 0:00:04]} Qe7+ {[%emt 0:00:01]} 40. Kg3 {[%emt 0:00:01]} Rd3 {[%emt 0:00:00]} 41. Re2 {[%emt 0:00:04]} Qd6+ {[%emt 0:00:03]} 42. Kf2 {[%emt 0:00:04]} Rxd4 {[%emt 0:00:03]} 43. h4 {[%emt 0:00:01]} Rd3 {[%emt 0:00:01]} 44. Qa7 {[%emt 0:00:02]} Qf4+ {[%emt 0:00:01]} 45. Ke1 {[%emt 0:00:01]} Qg3+ {[%emt 0:00:06]} 46. Qf2 {[%emt 0:00:04]} Qxg4 {[%emt 0:00:02]} 47. b4 {[%emt 0:00:05]} axb4 {[%emt 0:00:03]} 48. axb4 {[%emt 0:00:01]} Rf3 {[%emt 0:00:01]} 49. Qd4 {[%emt 0:00:02]} Qxh4+ {[%emt 0:00:01]} 50. Kd2 {[%emt 0:00:02]} Qf4+ {[%emt 0:00:01]} 51. Kc2 {[%emt 0:00:01]} Rd3 {[%emt 0:00:01]} 52. Qc4 {[%emt 0:00:03]} e3 {[%emt 0:00:02]} 53. Kb2 {[%emt 0:00:01]} Qxc4 {[%emt 0:00:02]} 54. Rc2 {[%emt 0:00:01]} Qb3+ {[%emt 0:00:01]} 55. Kc1 {[%emt 0:00:01]} Rc3 {[%emt 0:00:01]} 56. Rxc3 {[%emt 0:00:01]} Qxc3+ {[%emt 0:00:00]} 57. Kd1 {[%emt 0:00:01]} Qd2# {[%emt 0:00:01] (Lag: Av=0.85s, max=2.3s)} 0-1

[Event "Stay Safe Play From Home 207"]
[Site "T#646637Emanuel Laske"]
[Date "2020.06.07"]
[Round "5"]
[White "Haris kollari 13"]
[Black "Lazieri3"]
[Result "1-0"]
[WhiteElo "1950"]
[BlackElo "2108"]
[Annotator "NA RC"]
[PlyCount "123"]
[EventDate "2020.06.07"]
[EventType "swiss (blitz)"]

1. e4 {[%emt 0:00:01]} c6 {[%emt 0:00:00]} 2. d4 {[%emt 0:00:02]} d5 {[%emt 0:00:00]} 3. exd5 {[%emt 0:00:01]} cxd5 {[%emt 0:00:02]} 4. Bf4 {[%emt 0:00:01]} Nc6 {[%emt 0:00:01]} 5. c3 {[%emt 0:00:01]} Nf6 {[%emt 0:00:01]} 6. Nf3 {[%emt 0:00:01]} Bf5 {[%emt 0:00:01]} 7. Bb5 {[%emt 0:00:02]} Bd7 {[%emt 0:00:08]} 8. Bd3 {[%emt 0:00:02]} e6 {[%emt 0:00:02]} 9. Nbd2 {[%emt 0:00:01]} Be7 {[%emt 0:00:01]} 10. O-O {[%emt 0:00:01]} a6 {[%emt 0:00:03]} 11. Re1 {[%emt 0:00:01]} O-O {[%emt 0:00:01]} 12. Rc1 {[%emt 0:00:01]} Rc8 {[%emt 0:00:02]} 13. Bb1 {[%emt 0:00:02]} Re8 {[%emt 0:00:07]} 14. Ne5 {[%emt 0:00:01]} Nxe5 {[%emt 0:00:01]} 15. dxe5 {[%emt 0:00:01]} Ne4 {[%emt 0:00:11]} 16. Nxe4 {[%emt 0:00:02]} dxe4 {[%emt 0:00:00]} 17. Bxe4 {[%emt 0:00:05]} Bc6 {[%emt 0:00:01]} 18. Qxd8 {[%emt 0:00:28]} Rexd8 {[%emt 0:00:00]} 19. Bxc6 {[%emt 0:00:04] Lazieri3 offers a draw} Rxc6 {[%emt 0:00:07]} 20. Red1 {[%emt 0:00:01]} Rcc8 {[%emt 0:00:09]} 21. Kf1 {[%emt 0:00:02]} Kf8 {[%emt 0:00:01]} 22. Ke2 {[%emt 0:00:02]} Ke8 {[%emt 0:00:01]} 23. Be3 {[%emt 0:00:01]} Bc5 {[%emt 0:00:06]} 24. Bxc5 {[%emt 0:00:03]} Rxc5 {[%emt 0:00:00]} 25. f4 {[%emt 0:00:04]} g5 {[%emt 0:00:09]} 26. g3 {[%emt 0:00:01]} gxf4 {[%emt 0:00:13]} 27. gxf4 {[%emt 0:00:01]} Rc4 {[%emt 0:00:01]} 28. Rxd8+ {[%emt 0:00:01]} Kxd8 {[%emt 0:00:00]} 29. Rd1+ {[%emt 0:00:01]} Kc7 {[%emt 0:00:05]} 30. Ke3 {[%emt 0:00:01]} a5 {[%emt 0:00:03]} 31. Rg1 {[%emt 0:00:02]} a4 {[%emt 0:00:14]} 32. a3 {[%emt 0:00:01]} Kd7 {[%emt 0:00:05]} 33. Rg7 {[%emt 0:00:01]} Ke7 {[%emt 0:00:03]} 34. Rxh7 {[%emt 0:00:01]} Rc6 {[%emt 0:00:04]} 35. Kd3 {[%emt 0:00:13]} Rb6 {[%emt 0:00:03]} 36. Kc2 {[%emt 0:00:01]} Rc6 {[%emt 0:00:01]} 37. Rh4 {[%emt 0:00:02]} Rc4 {[%emt 0:00:03]} 38. Rg4 {[%emt 0:00:01]} b5 {[%emt 0:00:03]} 39. Kd3 {[%emt 0:00:02]} f5 {[%emt 0:00:06]} 40. Rh4 {[%emt 0:00:17]} Kf7 {[%emt 0:00:04]} 41. Ke3 {[%emt 0:00:08]} Kg6 {[%emt 0:00:10]} 42. Rh8 {[%emt 0:00:02]} Rc5 {[%emt 0:00:19]} 43. h4 {[%emt 0:00:06]} Rd5 {[%emt 0:00:05]} 44. Rb8 {[%emt 0:00:05]} Kh5 {[%emt 0:00:40]} 45. Rb6 {[%emt 0:00:02]} Kxh4 {[%emt 0:00:01]} 46. Rxe6 {[%emt 0:00:01]} Rd1 {[%emt 0:00:01]} 47. Rf6 {[%emt 0:00:04]} Re1+ {[%emt 0:00:03]} 48. Kf2 {[%emt 0:00:07]} Rd1 {[%emt 0:00:13]} 49. Rxf5 {[%emt 0:00:02]} Kg4 {[%emt 0:00:01]} 50. Rf8 {[%emt 0:00:04]} Rd2+ {[%emt 0:00:06]} 51. Ke3 {[%emt 0:00:01]} Rxb2 {[%emt 0:00:00]} 52. e6 {[%emt 0:00:01]} Rb1 {[%emt 0:00:01]} 53. Ke2 {[%emt 0:00:01]} Rb2+ {[%emt 0:00:07]} 54. Kd1 {[%emt 0:00:02]} Rb1+ {[%emt 0:00:04]} 55. Kd2 {[%emt 0:00:01]} Rb2+ {[%emt 0:00:06]} 56. Kd3 {[%emt 0:00:01]} b4 {[%emt 0:00:03]} 57. axb4 {[%emt 0:00:02]} a3 {[%emt 0:00:06]} 58. e7 {[%emt 0:00:03]} a2 {[%emt 0:00:01]} 59. Ra8 {[%emt 0:00:01]} Rb1 {[%emt 0:00:04]} 60. Rxa2 {[%emt 0:00:04]} Rd1+ {[%emt 0:00:03]} 61. Ke2 {[%emt 0:00:05]} Ra1 {[%emt 0:00:03]} 62. Rxa1 {[%emt 0:00:01] Lazieri3 resigns (Lag: Av=0.53s, max=1.0s)} 1-0

[Event "Stay Safe Play From Home 207"]
[Site "T#646637Emanuel Laske"]
[Date "2020.06.07"]
[Round "5"]
[White "Möwe"]
[Black "Bellbox"]
[Result "0-1"]
[WhiteElo "1653"]
[BlackElo "2015"]
[Annotator "TA"]
[PlyCount "78"]
[EventDate "2020.06.07"]
[EventType "swiss (blitz)"]

{[%evp 9,78,-18,-23,-29,-24,-29,-37,-37,-37,-37,-25,-20,-20,-9,0,-10,18,8,13,16,20,4,9,-4,32,-12,-9,-45,-14,-16,-21,-28,0,0,26,0,11,-17,-5,-28,58,-24,-12,-31,21,-49,-27,-100,-100,-67,-16,-57,-31,-52,-15,-327,-320,-468,-452,-29982,-29982,-29987,-29988,-29993,-29994,-29994,-29995,-29996,-29997,-29997,-29998]} 1. e4 e5 2. Nf3 f5 3. d3 Nc6 4. Nc3 Nf6 5. Bg5 Bb4 6. exf5 {C40: Latvian and Elephant Gambits.} d5 7. a3 Bxc3+ 8. bxc3 {Black is slightly better.} Bxf5 9. Be2 O-O 10. O-O {[#]} h6 $146 ({Predecessor:} 10... Qe8 11. Re1 Rd8 12. Qc1 h6 13. Bh4 e4 14. Nd4 Nxd4 15. cxd4 Qg6 16. Qd2 exd3 17. Bxd3 Bxd3 18. Qxd3 Qxd3 19. cxd3 Rfe8 {½-½ (19) Kantorik,M (2251)-Kula,D (2138) Tatranske Zruby 2016}) 11. Bh4 Qe8 12. Re1 Qg6 13. Bg3 Rae8 14. Nh4 Qg5 15. Nxf5 Qxf5 16. Bf3 Re7 17. Rb1 b6 18. Qe2 e4 19. dxe4 dxe4 20. Qc4+ {[%mdl 64] Double Attack} Re6 21. Be2 {Hoping for Rb5.} Rf7 (21... Na5 $5 {[%cal Ra5c4]} 22. Qxc7 Nd5 23. Qxa7 Nxc3 $14) 22. Rbd1 Na5 23. Qa2 Kh7 24. Rd4 c6 (24... Rfe7 $11) 25. Red1 ({White should play} 25. f3 $1 $14 Rfe7 26. fxe4 Rxe4 27. Rf1) 25... Nd5 26. Qa1 b5 (26... Rg6 $15 27. R1d2 Rxg3 28. fxg3 {[#]} Nxc3 $1 {[%mdl 512]}) 27. c4 (27. a4 $11) 27... bxc4 {With the idea ...e3.} 28. Bxc4 (28. Rf1 $11 {remains equal.}) 28... Nxc4 $17 29. Rxc4 e3 (29... h5 $15 30. Qd4 g5) 30. f3 $11 e2 (30... g5 $5 {[%cal Re3e2]} 31. Re1 Nb6 $15) 31. Re1 $1 Ne3 (31... Qg6 $5 {[%cal Rd5e3]} 32. Rc5 Rd7 $17) 32. Rc3 $2 {[%mdl 8192] White does not recover from this.} (32. Rf4 $11 {and White stays safe.} Qg6 33. Rxf7 Nxc2 {[%mdl 64] Double Attack} 34. Rxg7+ Qxg7 35. Qb1) 32... Nxc2 33. Rxc2 (33. Qb1 {might work better.} Nxe1 34. Qxf5+ Rxf5 35. Bxe1) 33... Qxc2 $19 34. h3 (34. Be5 $19) 34... Rd7 {Black mates.} 35. Kh2 Rd1 36. Rxe2 Rxe2 {[%csl Gc2][%cal Re2g2]} 37. Qxd1 Qxd1 38. h4 {[#]} Qf1 $1 {[%csl Ge2][%cal Rf1g2]} 39. Kh3 h5 {Accuracy: White = 53%, Black = 55%.} 0-1

[Event "Stay Safe Play From Home 207"]
[Site "T#646637Emanuel Laske"]
[Date "2020.06.07"]
[Round "5"]
[White "Timbre"]
[Black "Edmatuag"]
[Result "0-1"]
[WhiteElo "1613"]
[BlackElo "1707"]
[Annotator "NA RC"]
[PlyCount "54"]
[EventDate "2020.06.07"]
[EventType "swiss (blitz)"]

1. d4 {[%emt 0:00:03]} d5 {[%emt 0:00:01]} 2. Nf3 {[%emt 0:00:01]} Nf6 {[%emt 0:00:01]} 3. c3 {[%emt 0:00:01]} c5 {[%emt 0:00:05]} 4. Bf4 {[%emt 0:00:02]} Nc6 {[%emt 0:00:04]} 5. e3 {[%emt 0:00:01]} Qb6 {[%emt 0:00:11]} 6. Qb3 {[%emt 0:00:03]} Qxb3 {[%emt 0:00:05]} 7. axb3 {[%emt 0:00:02]} cxd4 {[%emt 0:00:04]} 8. exd4 {[%emt 0:00:02]} Bf5 {[%emt 0:00:22]} 9. Na3 {[%emt 0:00:03]} a6 {[%emt 0:00:29]} 10. b4 {[%emt 0:00:04]} e6 {[%emt 0:00:22]} 11. Be2 {[%emt 0:00:01]} Be7 {[%emt 0:00:26]} 12. O-O {[%emt 0:00:03]} O-O {[%emt 0:00:02]} 13. b5 {[%emt 0:00:03]} axb5 {[%emt 0:00:03]} 14. Nxb5 {[%emt 0:00:02]} h6 {[%emt 0:00:22]} 15. Bd6 {[%emt 0:00:07]} Ne4 {[%emt 0:00:35]} 16. Bxe7 {[%emt 0:00:03]} Nxe7 {[%emt 0:00:01]} 17. Bd3 {[%emt 0:00:06]} Nc6 {[%emt 0:00:20]} 18. Bxe4 {[%emt 0:00:02]} Bxe4 {[%emt 0:00:03]} 19. Nd2 {[%emt 0:00:06]} Bd3 {[%emt 0:00:03]} 20. Rxa8 {[%emt 0:00:07]} Rxa8 {[%emt 0:00:03]} 21. Nd6 {[%emt 0:00:03]} Bxf1 {[%emt 0:00:05]} 22. Nxf1 {[%emt 0:00:01]} Nd8 {[%emt 0:00:09]} 23. c4 {[%emt 0:00:02]} Ra6 {[%emt 0:00:07]} 24. c5 {[%emt 0:00:03]} Ra4 {[%emt 0:00:05]} 25. g3 {[%emt 0:00:09]} Rxd4 {[%emt 0:00:02]} 26. Ne3 {[%emt 0:00:01]} Rb4 {[%emt 0:00:01]} 27. Kg2 {[%emt 0:00:05]} Rxb2 {[%emt 0:00:02]} 0-1

[Event "Stay Safe Play From Home 207"]
[Site "T#646637Emanuel Laske"]
[Date "2020.06.07"]
[Round "5"]
[White "Justwatch"]
[Black "Sfantul321"]
[Result "0-1"]
[WhiteElo "1568"]
[BlackElo "1970"]
[Annotator "NA RC"]
[PlyCount "56"]
[EventDate "2020.06.07"]
[EventType "swiss (blitz)"]

1. e4 {[%emt 0:00:03]} g6 {[%emt 0:00:03]} 2. Nf3 {[%emt 0:00:01]} Bg7 {[%emt 0:00:01]} 3. Nc3 {[%emt 0:00:00]} c5 {[%emt 0:00:01]} 4. Bc4 {[%emt 0:00:01]} e6 {[%emt 0:00:01]} 5. O-O {[%emt 0:00:01]} Ne7 {[%emt 0:00:01]} 6. h4 {[%emt 0:00:01]} d5 {[%emt 0:00:02]} 7. exd5 {[%emt 0:00:01]} exd5 {[%emt 0:00:01]} 8. Bb5+ {[%emt 0:00:00]} Nbc6 {[%emt 0:00:01]} 9. Bxc6+ {[%emt 0:00:01]} bxc6 {[%emt 0:00:01]} 10. d3 {[%emt 0:00:01]} Bg4 {[%emt 0:00:02]} 11. Qe2 {[%emt 0:00:04]} O-O {[%emt 0:00:01]} 12. Nd1 {[%emt 0:00:01]} Nf5 {[%emt 0:00:02]} 13. Bf4 {[%emt 0:00:08]} Nd4 {[%emt 0:00:03]} 14. Qd2 {[%emt 0:00:06]} Bxf3 {[%emt 0:00:02]} 15. gxf3 {[%emt 0:00:00]} Nxf3+ {[%emt 0:00:01]} 16. Kg2 {[%emt 0:00:01]} Nxd2 {[%emt 0:00:01]} 17. Bxd2 {[%emt 0:00:02]} Qxh4 {[%emt 0:00:02]} 18. Ne3 {[%emt 0:00:02]} Bxb2 {[%emt 0:00:08]} 19. Rh1 {[%emt 0:00:02]} Qe7 {[%emt 0:00:05]} 20. Rag1 {[%emt 0:00:00]} Bd4 {[%emt 0:00:06]} 21. Ng4 {[%emt 0:00:03]} h5 {[%emt 0:00:02]} 22. Nh2 {[%emt 0:00:04]} Qe2 {[%emt 0:00:03]} 23. Bg5 {[%emt 0:00:04]} Qxf2+ {[%emt 0:00:02]} 24. Kh3 {[%emt 0:00:01]} Qf5+ {[%emt 0:00:02]} 25. Kh4 {[%emt 0:00:02]} Bxg1 {[%emt 0:00:02]} 26. Rxg1 {[%emt 0:00:01]} Rfe8 {[%emt 0:00:03]} 27. Rg3 {[%emt 0:00:03]} Re2 {[%emt 0:00:02]} 28. Nf3 {[%emt 0:00:02]} Rae8 {[%emt 0:00:07] Justwatch terk eder (Lag: Av=0.28s, max=0.8s)} 0-1

[Event "Stay Safe Play From Home 207"]
[Site "T#646637Emanuel Laske"]
[Date "2020.06.07"]
[Round "6"]
[White "little champs"]
[Black "Robk"]
[Result "1-0"]
[WhiteElo "2040"]
[BlackElo "1556"]
[Annotator "TA"]
[PlyCount "103"]
[EventDate "2020.06.07"]
[EventType "swiss (blitz)"]

{[%evp 9,103,0,25,7,11,11,11,14,25,18,21,10,17,0,0,0,0,-9,20,8,27,28,35,21,23,15,50,12,26,0,0,0,0,0,0,0,0,-15,-6,-12,-2,-10,16,16,28,-1,6,-48,29,-8,29,0,29,29,54,54,54,54,54,54,54,54,54,14,177,177,177,-2,177,177,218,177,218,218,218,218,218,218,218,218,218,218,218,218,218,218,218,218,1840,1712,1831,1414,29973,29974,29977,29978]} 1. d4 d5 2. e3 e6 3. c4 c5 4. dxc5 Bxc5 5. cxd5 Qxd5 (5... exd5 {feels hotter.} 6. Nf3 Nf6 7. Nc3 O-O 8. Bd3 Re8) 6. Qxd5 {D30: Queen's Gambit Declined: Systems without Nc3.} (6. Qg4 {keeps more tension.} Bf8 7. Nc3 Qc5 8. Qg3 Nc6 9. Nf3) 6... exd5 7. Nc3 Nf6 8. Nf3 {[#] The position is equal.} Be6 $146 ({Predecessor:} 8... O-O 9. Be2 Nc6 10. a3 a6 11. b4 Bd6 12. Bb2 Be6 13. O-O Ne4 14. Rfd1 Rad8 15. g3 Bb8 16. b5 Nxc3 17. Bxc3 axb5 18. Bb4 Bg4 19. Kg2 Ne5 {½-½ (19) Tomasevic,M (1604)-Stojanovic,S (1760) Mojkovac 2016}) 9. Bb5+ Nc6 10. O-O O-O 11. a3 Rfd8 12. b4 Be7 13. Rd1 a6 14. Bf1 b5 15. Bb2 Rac8 16. Rac1 Ne4 17. Ne2 Bf6 18. Ned4 (18. Bxf6 {seems wilder.} Nxf6 19. Ned4 Nxd4 20. Nxd4 Rxc1 21. Rxc1 Rc8 22. Rxc8+ Bxc8 23. Bd3) 18... Nxd4 19. Nxd4 Rxc1 20. Rxc1 Rc8 21. Rxc8+ Bxc8 22. f3 Nd2 23. Bd3 Nc4 24. Bc1 h6 (24... h5 {is interesting.} 25. Kf2 Kf8 26. h3 h4 27. Bc2 Ke7) 25. Kf2 Bxd4 26. exd4 $11 {[%mdl 4096] Endgame KBB-KBN} Be6 27. f4 f5 28. g4 ({Better is} 28. Ke2 $11) 28... g6 (28... fxg4 $15 29. f5 Bf7) 29. h3 Kf7 30. Kg3 Kf6 31. g5+ hxg5 32. fxg5+ Kg7 33. Kf4 Kf7 34. h4 Ke7 35. Be2 Bf7 36. h5 Ke6 $2 (36... gxh5 $11 37. Kxf5 Be6+ 38. Kg6 h4) 37. h6 {[#] Strongly threatening h7.} Bg8 38. Bh5 $2 (38. Bf3 $18) 38... Bh7 $2 (38... gxh5 $11 39. g6 Kf6) 39. Bf3 Nd6 40. Be2 Ne4 41. Bb2 Nd6 42. a4 Nc4 43. axb5 axb5 44. Bc1 Nd6 45. Kf3 Nc4 46. Bf4 Na3 47. Bc7 Nc4 48. Kf4 Nd2 $2 {[#]} (48... Bg8 49. Be5 Ke7) 49. Bxb5 $18 Nc4 50. Bc6 Nd6 51. b5 {[%cal Bb4b5,Bb5b6][%mdl 32]} Nc8 52. b6 {Accuracy: White = 76%, Black = 57%.} 1-0